| 000 | 00741nam a2200241Ia 4500 | ||
|---|---|---|---|
| 005 | 20240209115953.0 | ||
| 008 | 131103s9999 xx 000 0 und d | ||
| 020 |
_a8120715195 _cRs.125 |
||
| 040 | _aLoreto College | ||
| 041 | _aEnglish | ||
| 082 |
_a351.954 _bSIN |
||
| 100 | _aSingh,Hoshiar | ||
| 245 |
_aPublic administration in India _b theory and practice _cHoshiar Singh and Mohindar Singh |
||
| 250 | _a2nd rev. & enl.ed. | ||
| 260 |
_aNew Delhi _bSterling Publishers _c1993 (1995 printing) |
||
| 300 | _aviii,663 p. | ||
| 504 | _aIncludes bibliographical references and index | ||
| 650 | _aPublic Administration | ||
| 651 | _aIndia - Public Administration | ||
| 700 | _aSingh,Mohinder | ||
| 850 | _aLCLIB | ||
| 942 | _cBK | ||
| 999 |
_c12434 _d62913 |
||